[Event "Weekend A"]
[Site "Bari ITA"]
[Date "2005.01.23"]
[Round "2"]
[White "Caputi, Nicola"]
[Black "Shytaj, Carlo"]
[Result "0-1"]
[WhiteElo "2019"]
[BlackElo "2195"]
[PlyCount "96"]
[EventDate "2005.01.22"]

1. c4 Nf6 2. Nc3 c5 3. Nf3 b6 4. g3 Bb7 5. Bg2 g6 6. O-O Bg7 7. d4 cxd4 8. Nxd4
Bxg2 9. Kxg2 Qc7 10. Qd3 Na6 11. Ndb5 Qc6+ 12. Qf3 O-O 13. b3 Nc5 14. Ba3 Qxf3+
15. Kxf3 a6 16. Nd4 Ne6 17. e3 d6 18. Bb2 Rfc8 19. Rac1 Nc5 20. Nde2 Nd3 21.
Rc2 Nxb2 22. Rxb2 Rc5 23. Rd2 b5 24. cxb5 axb5 25. Rfd1 b4 26. Na4 Rf5+ 27. Nf4
e5 28. Rxd6 exf4 29. exf4 Bf8 30. Rd8 Rxd8 31. Rxd8 Rd5 32. Rxd5 Nxd5 33. Ke4
Nc3+ 34. Nxc3 bxc3 35. Kd3 Bb4 36. a3 Bxa3 37. Kxc3 Bc5 38. f3 Bg1 39. h3 Bh2
40. g4 Bxf4 41. Kd4 Kg7 42. Ke4 Bd2 43. f4 Kf6 44. Kf3 Ke6 45. Ke4 f5+ 46. Kf3
Kd5 47. gxf5 gxf5 48. Kg3 Ke4 0-1

[Event "Weekend A"]
[Site "Bari ITA"]
[Date "2005.01.23"]
[Round "2"]
[White "Crudele, Michele"]
[Black "Garofalo, Pietro"]
[Result "1-0"]
[WhiteElo "1897"]
[BlackElo "2095"]
[PlyCount "129"]
[EventDate "2005.01.22"]

1. d4 d6 2. c4 e5 3. d5 c5 4. Nc3 f5 5. e4 Nf6 6. Bg5 Be7 7. Bxf6 Bxf6 8. Bd3
O-O 9. Nge2 f4 10. f3 Bh4+ 11. Kd2 Bf2 12. Kc2 Na6 13. a3 Nc7 14. Qf1 Bd4 15.
Nxd4 exd4 16. Na2 Ne8 17. Re1 Qf6 18. b4 Qe5 19. Qe2 a6 20. Kb3 Bd7 21. Nc1 Nc7
22. Ka2 b5 23. Nb3 cxb4 24. c5 dxc5 25. Nxc5 Be8 26. axb4 a5 27. Ra1 Qd6 28.
Kb2 Bf7 29. Qf2 axb4 30. Qxd4 Rfc8 31. Nb3 Ne6 32. dxe6 Qxe6 33. Qxb4 Qe5+ 34.
Qd4 Qe6 35. Qd5 Qb6 36. Qxa8 Qf2+ 37. Kb1 Rxa8 38. Rxa8+ Be8 39. Rxe8+ Kf7 40.
Bxb5 Qb6 41. Re5 Qe3 42. Bc4+ Kg6 43. Rd1 Kh6 44. h4 Qf2 45. Rd6+ g6 46. h5
Qg1+ 47. Kc2 Qxg2+ 48. Rd2 Qxf3 49. hxg6 hxg6 50. Rh2+ Kg7 51. Re7+ Kf6 52.
Re6+ Kg5 53. Re5+ Kf6 54. Re6+ Kg5 55. Rd2 Qe3 56. e5 f3 57. Bd3 Kf4 58. Rxg6
Qxe5 59. Rc6 Kg3 60. Rc3 Kf4 61. Bh7 Qg7 62. Rd4+ Kg5 63. Rc5+ Kf6 64. Rd6+ Ke7
65. Rc7+ 1-0

[Event "Weekend A"]
[Site "Bari ITA"]
[Date "2005.01.23"]
[Round "2"]
[White "De Toma, Francesco"]
[Black "Vespe, Francesco"]
[Result "0-1"]
[WhiteElo "1768"]
[BlackElo "2045"]
[PlyCount "84"]
[EventDate "2005.01.22"]

1. e4 e6 2. d3 d5 3. Nd2 c5 4. Ngf3 Nc6 5. g3 Nf6 6. Bg2 Be7 7. O-O O-O 8. c3
e5 9. Qc2 b5 10. Re1 d4 11. c4 b4 12. Nh4 Qc7 13. Nf5 g6 14. Nxe7+ Qxe7 15. Nf3
Kg7 16. Nxe5 Qxe5 17. Bf4 Qe6 18. e5 Nh5 19. Bd5 Qe8 20. Bg5 Be6 21. Qd2 Kh8
22. f4 Qd7 23. Qg2 Rac8 24. Bf3 Bg4 25. Bd5 Ne7 26. Bh6 Ng7 27. Bf3 Bxf3 28.
Qxf3 Nef5 29. Bg5 h6 30. Bf6 Kh7 31. g4 Ne3 32. Rxe3 dxe3 33. Qh3 Qxd3 34. Bg5
h5 35. f5 Qe2 36. Bxe3 Qxg4+ 37. Qxg4 hxg4 38. fxg6+ Kxg6 39. Rd1 Nf5 40. Bf4
Rfd8 41. Rd5 Rxd5 42. cxd5 c4 0-1

[Event "Weekend A"]
[Site "Bari ITA"]
[Date "2005.01.23"]
[Round "2"]
[White "Delfino, Luigi"]
[Black "Garrapa, Gianluigi"]
[Result "1-0"]
[WhiteElo "2078"]
[BlackElo "1981"]
[PlyCount "51"]
[EventDate "2005.01.22"]

1. e4 e5 2. Nf3 Nc6 3. Bc4 Bc5 4. c3 Nf6 5. d4 exd4 6. cxd4 Bb4+ 7. Nc3 Nxe4 8.
O-O Bxc3 9. d5 Bf6 10. Re1 Ne7 11. Rxe4 d6 12. Bg5 Bxg5 13. Nxg5 O-O 14. Nxh7
Kxh7 15. Qh5+ Kg8 16. Rh4 f5 17. Re1 Bd7 18. Re6 b5 19. Qh7+ Kf7 20. Rhh6 Bxe6
21. dxe6+ Ke8 22. Bxb5+ c6 23. Bxc6+ Nxc6 24. Qg6+ Ke7 25. Qxg7+ Ke8 26. Qg6+
1-0

[Event "Weekend A"]
[Site "Bari ITA"]
[Date "2005.01.23"]
[Round "2"]
[White "Di Lascio, Savino"]
[Black "Viterbo, Luca"]
[Result "1-0"]
[WhiteElo "1964"]
[BlackElo "1811"]
[PlyCount "67"]
[EventDate "2005.01.22"]

1. Nf3 f5 2. g3 Nf6 3. Bg2 e6 4. O-O Be7 5. d3 d6 6. c3 O-O 7. Nd4 e5 8. Qb3+
Kh8 9. Ne6 Bxe6 10. Qxe6 c6 11. Qxf5 Nbd7 12. b4 Nd5 13. Qh3 a5 14. b5 N7f6 15.
c4 Nb4 16. a3 Qc7 17. axb4 axb4 18. Rxa8 Rxa8 19. bxc6 bxc6 20. Bg5 b3 21. Bxf6
Bxf6 22. Be4 g6 23. Bxg6 d5 24. cxd5 cxd5 25. Qe6 Bg7 26. Qxd5 Rb8 27. Be4 b2
28. h4 Rd8 29. Qb7 Qc2 30. h5 h6 31. Qb6 Rf8 32. Qg6 Kg8 33. Qh7+ Kf7 34. Bd5+
1-0

[Event "Weekend A"]
[Site "Bari ITA"]
[Date "2005.01.23"]
[Round "2"]
[White "Laghetti, Gaetano"]
[Black "Muolo, Angelo"]
[Result "0-1"]
[WhiteElo "1823"]
[BlackElo "1828"]
[PlyCount "104"]
[EventDate "2005.01.22"]

1. d4 Nf6 2. c4 e6 3. Nc3 b6 4. e4 Bb4 5. Bd3 Bb7 6. f3 c5 7. d5 Bxc3+ 8. bxc3
Qc7 9. Ne2 d6 10. Bg5 Nbd7 11. O-O h6 12. Be3 b5 13. dxe6 fxe6 14. cxb5 d5 15.
exd5 Nxd5 16. Bg6+ Ke7 17. Bf2 Rhd8 18. Bg3 Qb6 19. Qc1 c4+ 20. Bf2 Qxb5 21.
Qa3+ Kf6 22. Be4 N7b6 23. Nd4 Qa4 24. Qc1 Qa5 25. f4 Rd7 26. Bh4+ Kf7 27. Qc2
Ne3 28. Bg6+ Kg8 29. Qe2 Qxc3 30. Nb5 Qd2 31. Rf2 c3 32. Qh5 Qd5 33. Nxc3 Qxh5
34. Bxh5 Nf5 35. Bg3 Rc8 36. Nd1 Rd3 37. Bf3 Nd5 38. Bxd5 Bxd5 39. Nb2 Rdc3 40.
a4 Nxg3 41. hxg3 Rxg3 42. Kh2 Rcc3 43. Rd1 g6 44. Rfd2 Rg4 45. Re1 Rxf4 46. Kg1
h5 47. Nd3 Rxa4 48. Rf1 Rd4 49. Rfd1 a5 50. Kf2 a4 51. g3 a3 52. Nf4 Rxd2+ 0-1

[Event "Weekend A"]
[Site "Bari ITA"]
[Date "2005.01.23"]
[Round "2"]
[White "Pascali, Frederic"]
[Black "Palma, Antonio"]
[Result "0-1"]
[WhiteElo "1831"]
[BlackElo "1953"]
[PlyCount "72"]
[EventDate "2005.01.22"]

1. c4 e6 2. Nc3 d5 3. d3 Nf6 4. g3 d4 5. Nb1 c5 6. Bg2 Nc6 7. Bxc6+ bxc6 8. Nf3
Qc7 9. Bf4 Bd6 10. Bxd6 Qxd6 11. Nbd2 e5 12. Ng5 Bf5 13. Nde4 Nxe4 14. Nxe4
Bxe4 15. dxe4 O-O 16. O-O f5 17. exf5 Rxf5 18. Qd3 Raf8 19. Qe4 Qe6 20. b3 Rh5
21. f3 Rf6 22. Rf2 Qh3 23. Raf1 Rfh6 24. Qg4 Rg6 25. Qxh3 Rxh3 26. f4 e4 27. f5
Rgh6 28. f6 e3 29. Rf5 Rxh2 30. R1f4 Rxe2 31. fxg7 Rg6 32. g4 Kxg7 33. Rf7+ Kh6
34. R7f5 d3 35. Rh5+ Kg7 36. g5 d2 0-1

[Event "Weekend A"]
[Site "Bari ITA"]
[Date "2005.01.23"]
[Round "2"]
[White "Pizzuto, Samuele Tullio"]
[Black "Rizzo, Giovanbattista"]
[Result "1-0"]
[WhiteElo "2186"]
[BlackElo "2089"]
[PlyCount "69"]
[EventDate "2005.01.22"]

1. d4 Nf6 2. Nc3 d5 3. Bg5 Bf5 4. e3 e6 5. Bd3 Bxd3 6. cxd3 Be7 7. Nf3 O-O 8.
O-O Nbd7 9. Rc1 c6 10. a3 Ne8 11. Bxe7 Qxe7 12. e4 Nd6 13. Re1 Qd8 14. b4 a6
15. Qb3 Kh8 16. Na4 f5 17. exd5 exd5 18. Nc5 Rf6 19. Ne5 Nf8 20. f4 Rc8 21. Qb2
Rc7 22. Re3 Rh6 23. g3 g5 24. Qf2 Rg7 25. Rce1 gxf4 26. Qxf4 Rh4 27. Qf2 Rh6
28. Kh1 Qg5 29. Rf3 Rf6 30. Rf4 Kg8 31. Rf1 Ng6 32. h4 Qh6 33. Ng4 fxg4 34.
Rxf6 Re7 35. Rxd6 1-0

[Event "Weekend A"]
[Site "Bari ITA"]
[Date "2005.01.23"]
[Round "3"]
[White "Crudele, Michele"]
[Black "Di Lascio, Savino"]
[Result "1-0"]
[WhiteElo "1897"]
[BlackElo "1964"]
[PlyCount "91"]
[EventDate "2005.01.22"]

1. d4 Nf6 2. Nf3 b6 3. Bg5 Ne4 4. Bh4 g6 5. e3 Bg7 6. c3 O-O 7. Bd3 Bb7 8. Qe2
d5 9. Nbd2 c5 10. O-O Nd7 11. Rad1 Nxd2 12. Nxd2 c4 13. Bb1 f5 14. f4 Nf6 15.
Nf3 b5 16. h3 a5 17. Ne5 Ra6 18. g4 Ne4 19. Bxe4 fxe4 20. Rf2 Bc8 21. Rdf1 Qc7
22. Bg3 e6 23. Kg2 Qe7 24. h4 b4 25. h5 Qe8 26. hxg6 hxg6 27. Bh4 Ra7 28. Kg3
bxc3 29. bxc3 Rb7 30. Rh1 a4 31. Qf1 Bxe5 32. dxe5 Rff7 33. Rfh2 Qf8 34. Be7
Qg7 35. Qh3 g5 36. Qh8+ Qxh8 37. Rxh8+ Kg7 38. Bf6+ Rxf6 39. R1h7+ Kg6 40. Rh6+
Kg7 41. exf6+ Kf7 42. R8h7+ Kg8 43. Rxb7 gxf4+ 44. Kxf4 Bxb7 45. f7+ Kf8 46.
Rh8+ 1-0

[Event "Weekend A"]
[Site "Bari ITA"]
[Date "2005.01.23"]
[Round "3"]
[White "Garrapa, Gianluigi"]
[Black "Pascali, Frederic"]
[Result "1/2-1/2"]
[WhiteElo "1981"]
[BlackElo "1831"]
[PlyCount "80"]
[EventDate "2005.01.22"]

1. e4 e6 2. d4 d5 3. Nd2 Nf6 4. e5 Nfd7 5. Bd3 c5 6. c3 Nc6 7. Ne2 cxd4 8. cxd4
Be7 9. O-O O-O 10. f4 f6 11. exf6 Nxf6 12. Nf3 Bd7 13. Ne5 Rc8 14. Kh1 Nb4 15.
Nxd7 Qxd7 16. Bb1 Ne4 17. a3 Nc6 18. Be3 Na5 19. Bxe4 dxe4 20. Nc3 Nc4 21. Bc1
Rfd8 22. Qg4 e3 23. Rd1 Bf6 24. Ne4 Qe7 25. Nxf6+ Qxf6 26. b3 Nd6 27. Bxe3 Nf5
28. Bg1 Kf8 29. Rac1 g6 30. d5 Rxc1 31. Rxc1 exd5 32. Rc7 h5 33. Bc5+ Kg8 34.
Qd1 b6 35. Bg1 a5 36. Qc1 d4 37. Qc4+ Kh8 38. Rc6 Rd6 39. Rc8+ Rd8 40. Rc6 Rd6
1/2-1/2

[Event "Weekend A"]
[Site "Bari ITA"]
[Date "2005.01.23"]
[Round "3"]
[White "Laghetti, Gaetano"]
[Black "De Toma, Francesco"]
[Result "1-0"]
[WhiteElo "1823"]
[BlackElo "1768"]
[PlyCount "62"]
[EventDate "2005.01.22"]

1. d4 c5 2. d5 d6 3. c4 b5 4. cxb5 a6 5. e4 axb5 6. Bxb5+ Bd7 7. Bxd7+ Nxd7 8.
Nc3 g6 9. Nge2 Bg7 10. O-O Ngf6 11. Rb1 O-O 12. b3 Ra6 13. a4 e6 14. Qd3 Qa8
15. dxe6 fxe6 16. Bf4 d5 17. exd5 exd5 18. Nb5 Rb6 19. Rfd1 d4 20. Qc4+ Qd5 21.
Rbc1 Re8 22. Qd3 Ne5 23. Bxe5 Rxe5 24. Nf4 Qf7 25. Re1 Rbe6 26. Nxe6 Qxe6 27.
Rxe5 Qxe5 28. Qc4+ Qd5 29. Qxd5+ Nxd5 30. Rxc5 Nc3 31. Nxc3 dxc3 1-0

[Event "Weekend A"]
[Site "Bari ITA"]
[Date "2005.01.23"]
[Round "3"]
[White "Muolo, Angelo"]
[Black "Caputi, Nicola"]
[Result "0-1"]
[WhiteElo "1828"]
[BlackElo "2019"]
[PlyCount "44"]
[EventDate "2005.01.22"]

1. e4 c5 2. Nf3 Nc6 3. d4 cxd4 4. Nxd4 e5 5. Nb5 d6 6. N1c3 a6 7. Na3 b5 8. Nd5
Be7 9. Be2 Nf6 10. Bg5 Nxe4 11. Bxe7 Nxe7 12. Bf3 f5 13. O-O Be6 14. Bxe4 fxe4
15. Qh5+ Bf7 16. Qg4 Bxd5 17. Qxg7 Rg8 18. Qxh7 Qd7 19. Rac1 Rxg2+ 20. Kh1 Qg4
21. Qh8+ Kd7 22. Qf6 Qh3 0-1

[Event "Weekend A"]
[Site "Bari ITA"]
[Date "2005.01.23"]
[Round "3"]
[White "Palma, Antonio"]
[Black "Borino, Paolo"]
[Result "1-0"]
[WhiteElo "1953"]
[BlackElo "1857"]
[PlyCount "41"]
[EventDate "2005.01.22"]

1. d4 Nf6 2. c4 e5 3. dxe5 Ng4 4. Bf4 Nc6 5. Nf3 Bb4+ 6. Nbd2 Qe7 7. e3 Ngxe5
8. Nxe5 Nxe5 9. Be2 d6 10. O-O O-O 11. Nb3 Ng6 12. Bg3 Be6 13. a3 Bc5 14. Nxc5
dxc5 15. Qb3 b6 16. Rad1 f5 17. Qa4 a5 18. Qc6 f4 19. exf4 Nxf4 20. Bxf4 Rxf4
21. Qxa8+ 1-0

[Event "Weekend A"]
[Site "Bari ITA"]
[Date "2005.01.23"]
[Round "3"]
[White "Rizzo, Giovanbattista"]
[Black "Delfino, Luigi"]
[Result "1/2-1/2"]
[WhiteElo "2089"]
[BlackElo "2078"]
[PlyCount "48"]
[EventDate "2005.01.22"]

1. d4 Nf6 2. c4 c5 3. d5 b5 4. cxb5 e6 5. Nc3 exd5 6. Nxd5 Bb7 7. Nxf6+ Qxf6 8.
Nf3 d5 9. g3 Bd6 10. Bg2 O-O 11. O-O Nd7 12. Nd2 Rad8 13. Qa4 Bb8 14. e4 Ne5
15. exd5 Rxd5 16. Qb3 Rfd8 17. Ne4 Qf5 18. Nxc5 Rxc5 19. Bxb7 Rxb5 20. Qxb5
Nf3+ 21. Bxf3 Qxb5 22. a4 Qf5 23. Ra3 h5 24. h4 Be5 1/2-1/2

[Event "Weekend A"]
[Site "Bari ITA"]
[Date "2005.01.23"]
[Round "3"]
[White "Shytaj, Carlo"]
[Black "Capitelli, Paolo"]
[Result "1-0"]
[WhiteElo "2195"]
[BlackElo "2161"]
[PlyCount "93"]
[EventDate "2005.01.22"]

1. e4 c5 2. b3 d6 3. Bb2 e6 4. Nf3 Nf6 5. Nc3 Be7 6. d4 cxd4 7. Nxd4 Nc6 8. g3
O-O 9. Bg2 e5 10. Nde2 Bg4 11. Qd2 a6 12. Nd5 Nxd5 13. exd5 Bg5 14. Qd1 Bxe2
15. Qxe2 Nd4 16. Qd3 Rc8 17. c3 Qa5 18. O-O Qb5 19. c4 Qc5 20. Rad1 Bf6 21. Be4
g6 22. Bxd4 exd4 23. Qf3 Bg7 24. a4 Qb4 25. h4 b5 26. axb5 axb5 27. Bd3 Qxb3
28. cxb5 Rc3 29. Rb1 Qa3 30. Rfd1 Rb8 31. h5 Rcc8 32. Kg2 Qc5 33. Ra1 Ra8 34.
Ra6 Be5 35. Rda1 Rab8 36. Ra7 Rf8 37. Re7 Rbe8 38. Raa7 Rxe7 39. Rxe7 Qb6 40.
hxg6 hxg6 41. Bxg6 fxg6 42. Qg4 Rf6 43. Qc8+ Rf8 44. Qe6+ Kh8 45. Qxg6 Rxf2+
46. Kxf2 d3+ 47. Kg2 1-0

[Event "Weekend A"]
[Site "Bari ITA"]
[Date "2005.01.29"]
[Round "4"]
[White "Capitelli, Paolo"]
[Black "Palma, Antonio"]
[Result "0-1"]
[WhiteElo "2161"]
[BlackElo "1953"]
[PlyCount "76"]
[EventDate "2005.01.22"]

1. e4 c6 2. d4 d5 3. exd5 cxd5 4. c4 Nf6 5. Nc3 e6 6. Nf3 Be7 7. Bd3 O-O 8. c5
b6 9. b4 a5 10. Na4 Nbd7 11. a3 axb4 12. axb4 bxc5 13. bxc5 e5 14. Nxe5 Bxc5
15. O-O Nxe5 16. dxe5 Ne4 17. Bb2 Bb4 18. Qc2 Ba6 19. Bxa6 Rxa6 20. Qd3 Rg6 21.
f4 Qd7 22. f5 Rg5 23. Qd4 Rb8 24. Rf3 h5 25. h3 Rxf5 26. Rxf5 Qxf5 27. Rf1 Qe6
28. Qa7 Rc8 29. Qb7 Rc4 30. Kh2 Bf8 31. Qa7 Rb4 32. Qa8 Rxb2 33. Nxb2 Qxe5+ 34.
Kg1 Qxb2 35. Qxd5 Qb6+ 36. Kh2 Bd6+ 37. Kh1 Ng3+ 38. Kh2 Nxf1+ 0-1

[Event "Weekend A"]
[Site "Bari ITA"]
[Date "2005.01.29"]
[Round "4"]
[White "Caputi, Nicola"]
[Black "Rizzo, Giovanbattista"]
[Result "0-1"]
[WhiteElo "2019"]
[BlackElo "2089"]
[PlyCount "78"]
[EventDate "2005.01.22"]

1. c4 e5 2. Nc3 Nf6 3. Nf3 Nc6 4. g3 Bc5 5. Bg2 d6 6. O-O O-O 7. a3 a5 8. d3 h6
9. Rb1 Bg4 10. Nd5 Nxd5 11. cxd5 Ne7 12. b4 axb4 13. axb4 Bb6 14. Qb3 Qd7 15.
Bd2 Ra4 16. Ra1 Rfa8 17. Rxa4 Qxa4 18. Qc4 Bd7 19. Qh4 Nf5 20. Qe4 Qa2 21. g4
Nd4 22. Nxd4 Bxd4 23. Be1 Qc2 24. h4 Ra2 25. Bf3 h5 26. e3 Bb6 27. Kh1 Bb5 28.
Qf5 Bxd3 29. Qc8+ Kh7 30. Rg1 Bxe3 31. gxh5 Bf4 32. Qf8 Bh6 33. Qxf7 Be4 34.
Kh2 Bf4+ 35. Kh3 Bf5+ 36. Kg2 Qd3 37. h6 Bxh6 38. Qh5 Ra3 39. b5 g6 0-1

[Event "Weekend A"]
[Site "Bari ITA"]
[Date "2005.01.29"]
[Round "4"]
[White "Delfino, Luigi"]
[Black "Crudele, Michele"]
[Result "1-0"]
[WhiteElo "2078"]
[BlackElo "1897"]
[PlyCount "123"]
[EventDate "2005.01.22"]

1. e4 e6 2. d4 d5 3. Nc3 Nf6 4. Bg5 Be7 5. e5 Nfd7 6. h4 a6 7. Qg4 f5 8. Qg3 c5
9. Nf3 Nc6 10. O-O-O c4 11. Bxc4 Nf8 12. Bd3 h6 13. Bxe7 Qxe7 14. Ne2 Bd7 15.
Nf4 O-O-O 16. Bxf5 Nb4 17. a3 Na2+ 18. Kb1 exf5 19. Kxa2 Bb5 20. Rhe1 Qc7 21.
Re3 Kb8 22. Rc3 Qe7 23. e6 Ka8 24. Ne5 g5 25. Nfg6 Nxg6 26. Nxg6 Qxe6 27. Nxh8
Rxh8 28. Qe5 Qxe5 29. dxe5 Bc6 30. hxg5 hxg5 31. Rh3 Re8 32. Re1 d4 33. Rg3 g4
34. f4 gxf3 35. gxf3 Ka7 36. Kb1 Bb5 37. Kc1 Kb6 38. Kd2 Kc5 39. Rg5 Bd7 40. e6
Bxe6 41. Rxf5+ Bxf5 42. Rxe8 Bd7 43. Rd8 Bc6 44. Rc8 Kd5 45. Rxc6 bxc6 46. b4
Kc4 47. f4 c5 48. bxc5 Kxc5 49. Kd3 Kd5 50. a4 a5 51. f5 Ke5 52. f6 Kxf6 53.
Kxd4 Ke7 54. Kc5 Kd7 55. Kb6 Kd6 56. c4 Kd7 57. c5 Kc8 58. Kc6 Kb8 59. Kd7 Ka8
60. c6 Ka7 61. c7 Kb6 62. c8=Q 1-0

[Event "Weekend A"]
[Site "Bari ITA"]
[Date "2005.01.29"]
[Round "4"]
[White "Di Lascio, Savino"]
[Black "Laghetti, Gaetano"]
[Result "1-0"]
[WhiteElo "1964"]
[BlackElo "1823"]
[PlyCount "113"]
[EventDate "2005.01.22"]

1. Nf3 Nf6 2. g3 g6 3. Bg2 Bg7 4. O-O O-O 5. d3 c5 6. c3 d6 7. e4 Nc6 8. h3 e5
9. Be3 h6 10. Nbd2 Be6 11. Qc1 Kh7 12. Rd1 Qc8 13. Kh2 Ne8 14. Nh4 g5 15. Nf5
Ne7 16. Nxe7 Qd7 17. Nf5 Bf6 18. Nb3 Rg8 19. g4 Rg6 20. d4 c4 21. d5 Bxf5 22.
gxf5 Rg7 23. Nd2 b5 24. a4 bxa4 25. Qc2 g4 26. Qxa4 Qd8 27. Nxc4 Bg5 28. Rg1
Bf4+ 29. Bxf4 exf4 30. e5 Qh4 31. Qc2 g3+ 32. fxg3 Qxg3+ 33. Kh1 f3 34. f6+ Rg6
35. Qe4 fxg2+ 36. Rxg2 Qxg2+ 37. Qxg2 Rxg2 38. Kxg2 dxe5 39. Nxe5 Nxf6 40. d6
Rb8 41. Rxa7 Rxb2+ 42. Kf3 Rb1 43. Rxf7+ Kg8 44. d7 Nxd7 45. Rxd7 Rf1+ 46. Kg2
Re1 47. Ng4 Re6 48. c4 Rc6 49. Ne5 Rc5 50. Rd5 Rc7 51. c5 Rg7+ 52. Kf3 Rg1 53.
c6 Rc1 54. Rd7 Kf8 55. c7 Ke8 56. Rd8+ Ke7 57. c8=Q 1-0

[Event "Weekend A"]
[Site "Bari ITA"]
[Date "2005.01.29"]
[Round "4"]
[White "Pascali, Frederic"]
[Black "Borino, Paolo"]
[Result "0-1"]
[WhiteElo "1831"]
[BlackElo "1857"]
[PlyCount "180"]
[EventDate "2005.01.22"]

1. Nf3 b5 2. g3 Bb7 3. Bg2 e5 4. d3 Nf6 5. e4 Nc6 6. O-O Bc5 7. Nc3 b4 8. Nd5
h6 9. Nh4 Nxd5 10. exd5 Ne7 11. Qg4 g6 12. Be3 d6 13. Bxc5 dxc5 14. f4 Bxd5 15.
fxe5 Bxg2 16. Nxg2 Qd4+ 17. Qxd4 cxd4 18. Rae1 O-O 19. Rf6 Kg7 20. Re4 c5 21.
Ra6 Rfc8 22. Nf4 Rc7 23. e6 f5 24. Re5 Rd8 25. Ra5 Rdc8 26. Nd5 Nxd5 27. Rxd5
Kf6 28. Ra6 Re7 29. Rdd6 Ke5 30. Rd7 Rc7 31. Rdd6 c4 32. Rd7 cxd3 33. cxd3 Rc1+
34. Kf2 Rc2+ 35. Kg1 Rxe6 36. Rxe6+ Kxe6 37. Rxa7 Rxb2 38. Ra5 b3 39. axb3 Rxb3
40. Kf2 Rxd3 41. Ra6+ Kf7 42. Rd6 Rd2+ 43. Kf3 Rxh2 44. Rxd4 Rb2 45. Rd6 Rb7
46. Rc6 Re7 47. Rb6 Re6 48. Rb7+ Kf6 49. Rb4 g5 50. Rb5 h5 51. Rc5 g4+ 52. Kf2
Re5 53. Rc6+ Kg5 54. Rc8 Re6 55. Rg8+ Rg6 56. Rf8 Rf6 57. Rg8+ Kh6 58. Rh8+ Kg6
59. Rg8+ Kh7 60. Rg5 Kh6 61. Rg8 f4 62. Rh8+ Kg6 63. Rg8+ Kh7 64. Rg5 fxg3+ 65.
Kxg3 Rf3+ 66. Kg2 Kh6 67. Rg8 Rf6 68. Kg3 Rf3+ 69. Kg2 Rc3 70. Kh2 Rc6 71. Kg3
Rg6 72. Rh8+ Kg5 73. Rh7 Ra6 74. Rg7+ Kf6 75. Rh7 Ra3+ 76. Kg2 Kg5 77. Rh8 Ra2+
78. Kg1 h4 79. Rf8 h3 80. Rh8 Kf4 81. Rf8+ Kg3 82. Rf1 Rg2+ 83. Kh1 Rf2 84. Rd1
Rf4 85. Rg1+ Kh4 86. Kh2 Rf2+ 87. Kh1 g3 88. Re1 g2+ 89. Kg1 Kg3 90. Re3+ Rf3
0-1

[Event "Weekend A"]
[Site "Bari ITA"]
[Date "2005.01.29"]
[Round "4"]
[White "Pizzuto, Samuele Tullio"]
[Black "Shytaj, Carlo"]
[Result "1/2-1/2"]
[WhiteElo "2186"]
[BlackElo "2195"]
[PlyCount "62"]
[EventDate "2005.01.22"]

1. d4 Nf6 2. Nc3 d6 3. Bg5 c6 4. Bxf6 gxf6 5. e4 Qb6 6. Rb1 f5 7. Nge2 Bg7 8.
Qd3 fxe4 9. Nxe4 Qa5+ 10. N2c3 Bf5 11. Qe3 Qb4 12. Qg5 Bg6 13. Bd3 Qxd4 14. O-O
f6 15. Qg3 Nd7 16. Ne2 Qb6 17. Nf4 Ne5 18. Ne6 Bf8 19. Rfe1 Bf7 20. Qh3 Rg8 21.
Be2 Bg6 22. Bh5 f5 23. Qxf5 Bh6 24. c4 Qa5 25. c5 Nf7 26. Nf6+ exf6 27. Ng5+
Kf8 28. Ne6+ Ke8 29. Ng5+ Kf8 30. Ne6+ Ke8 31. Ng5+ Kf8 1/2-1/2

[Event "Weekend A"]
[Site "Bari ITA"]
[Date "2005.01.29"]
[Round "4"]
[White "Vespe, Francesco"]
[Black "Muolo, Angelo"]
[Result "0-1"]
[WhiteElo "2045"]
[BlackElo "1828"]
[PlyCount "74"]
[EventDate "2005.01.22"]

1. d4 Nf6 2. c4 e6 3. Nf3 b6 4. g3 Ba6 5. b3 d6 6. Bg2 Bb7 7. O-O Be7 8. Nbd2
c5 9. Bb2 cxd4 10. Bxd4 e5 11. Bb2 O-O 12. Qc2 Na6 13. Rad1 Rc8 14. e4 b5 15.
Nh4 Re8 16. Qb1 b4 17. a3 g6 18. Rfe1 Qb6 19. Nf1 Nc5 20. Qc2 a5 21. a4 Bc6 22.
Bf3 Qb7 23. Nd2 Nfd7 24. Bc1 Ne6 25. Bb2 Ndc5 26. Ng2 Ng5 27. Nh4 f5 28. exf5
Nxf3+ 29. Ndxf3 Bxf3 30. fxg6 Bxh4 31. Rxd6 Be4 32. gxh7+ Qxh7 33. Qd1 Qf5 34.
Rxe4 Nxe4 35. Qd5+ Kf8 36. Rd7 Qxf2+ 37. Kh1 Qf1# 0-1

[Event "Weekend A"]
[Site "Bari ITA"]
[Date "2005.01.29"]
[Round "4"]
[White "Viterbo, Luca"]
[Black "Garrapa, Gianluigi"]
[Result "0-1"]
[WhiteElo "1811"]
[BlackElo "1981"]
[PlyCount "46"]
[EventDate "2005.01.22"]

1. Nf3 d5 2. g3 c6 3. Bg2 Nf6 4. O-O Nbd7 5. d4 g6 6. Nbd2 Bg7 7. Re1 O-O 8. c3
Re8 9. e4 Nxe4 10. Nxe4 dxe4 11. Rxe4 Nf6 12. Rh4 Bg4 13. h3 Bxf3 14. Bxf3 e5
15. Bg5 h6 16. Bxf6 Bxf6 17. Rxh6 Bg5 18. Rxg6+ fxg6 19. Qb3+ Kh8 20. Qxb7 e4
21. Bg4 Qf6 22. Rf1 Rab8 23. Qd7 Re7 0-1

[Event "Weekend A"]
[Site "Bari ITA"]
[Date "2005.01.30"]
[Round "5"]
[White "Borino, Paolo"]
[Black "Vespe, Francesco"]
[Result "1-0"]
[WhiteElo "1857"]
[BlackElo "2045"]
[PlyCount "35"]
[EventDate "2005.01.22"]

1. f4 e5 2. e4 exf4 3. Nf3 Be7 4. Bc4 Bh4+ 5. Kf1 Nf6 6. d4 Ng4 7. Bxf4 g5 8.
Nxh4 d5 9. Nf5 Bxf5 10. exf5 gxf4 11. Qxg4 dxc4 12. Qg7 Kd7 13. Qxf7+ Qe7 14.
Qxc4 Re8 15. Nc3 Nc6 16. d5 Nb4 17. f6 Nxc2 18. Qa4+ 1-0

[Event "Weekend A"]
[Site "Bari ITA"]
[Date "2005.01.30"]
[Round "5"]
[White "Capitelli, Paolo"]
[Black "Di Lascio, Savino"]
[Result "1-0"]
[WhiteElo "2161"]
[BlackElo "1964"]
[PlyCount "123"]
[EventDate "2005.01.22"]

1. e4 c6 2. d4 d5 3. exd5 cxd5 4. c4 Nf6 5. Nc3 Nc6 6. Bg5 dxc4 7. d5 Na5 8.
Bxc4 Nxc4 9. Qa4+ Bd7 10. Qxc4 Qb6 11. Nge2 Rc8 12. Qd4 Qxd4 13. Nxd4 h6 14.
Be3 g6 15. Rc1 Bg7 16. d6 exd6 17. O-O a6 18. Bf4 Ke7 19. Rcd1 d5 20. Rfe1+ Be6
21. Re2 Rhe8 22. Rde1 Kd7 23. Na4 Ne4 24. Nb6+ Kd8 25. Nxe6+ Rxe6 26. Nxc8 Kxc8
27. f3 Bd4+ 28. Be3 Bxe3+ 29. Rxe3 Ng5 30. Rc1+ Kd7 31. Rd3 Rd6 32. Rcd1 Kc6
33. Rc1+ Kd7 34. Rc5 d4 35. Kf2 Ne6 36. Rc4 Rc6 37. Rxc6 Kxc6 38. g3 Kd5 39.
Rd1 b6 40. Ke2 a5 41. Kd2 Ng5 42. Ke2 Ne6 43. h4 Kd6 44. Kd3 Kd5 45. Re1 Nc5+
46. Kd2 Ne6 47. b3 b5 48. Re2 a4 49. bxa4 bxa4 50. Re1 g5 51. h5 f5 52. Rb1 g4
53. fxg4 fxg4 54. Rb8 Ke4 55. Rh8 Ng5 56. Rxh6 Nf3+ 57. Kd1 Ke3 58. Rg6 Nh2 59.
h6 Kf3 60. h7 Nf1 61. Rf6+ Kxg3 62. Rxf1 1-0

[Event "Weekend A"]
[Site "Bari ITA"]
[Date "2005.01.30"]
[Round "5"]
[White "Garrapa, Gianluigi"]
[Black "Crudele, Michele"]
[Result "0-1"]
[WhiteElo "1981"]
[BlackElo "1897"]
[PlyCount "114"]
[EventDate "2005.01.22"]

1. e4 Nc6 2. d4 d5 3. e5 Bf5 4. Nf3 e6 5. Bd3 Nge7 6. c3 Qd7 7. O-O h6 8. Na3
g5 9. Nc2 Bxd3 10. Qxd3 Ng6 11. Nfe1 Be7 12. f4 gxf4 13. Bxf4 O-O-O 14. Bg3 Bg5
15. Nf3 Be7 16. Nfe1 Rdf8 17. Ne3 h5 18. h3 Rhg8 19. Bh2 Bg5 20. N1c2 Rg7 21.
Qe2 Rh8 22. b4 Nce7 23. a4 Nh4 24. b5 Rhg8 25. Rf2 Nhf5 26. Nxf5 Nxf5 27. Rf3
Bh4 28. Ne3 Nxe3 29. Rxe3 Qe7 30. Ra2 Rxg2+ 31. Qxg2 Rxg2+ 32. Rxg2 Qa3 33.
Rg8+ Kd7 34. Rf3 Qc1+ 35. Rf1 Qe3+ 36. Kg2 Qe2+ 37. Kg1 Qe3+ 38. Kg2 Qe4+ 39.
Kg1 Qh7 40. Ra8 Qg6+ 41. Kh1 Qe4+ 42. Kg1 Qe3+ 43. Kg2 Ke7 44. Rxa7 Qxc3 45.
Rxb7 Qc2+ 46. Kg1 Qg6+ 47. Kh1 Qe4+ 48. Kg1 Qxd4+ 49. Kg2 Qe4+ 50. Kg1 Qe3+ 51.
Kg2 Qe4+ 52. Kg1 Qg6+ 53. Kh1 Kd8 54. b6 Qe4+ 55. Kg1 Be7 56. Rb8+ Kd7 57. Rxf7
Qg6+ 0-1

[Event "Weekend A"]
[Site "Bari ITA"]
[Date "2005.01.30"]
[Round "5"]
[White "Laghetti, Gaetano"]
[Black "Caputi, Nicola"]
[Result "1/2-1/2"]
[WhiteElo "1823"]
[BlackElo "2019"]
[PlyCount "43"]
[EventDate "2005.01.22"]

1. d4 Nf6 2. c4 e6 3. Nc3 Bb4 4. Qc2 O-O 5. a3 Bxc3+ 6. Qxc3 d5 7. Bg5 Nbd7 8.
cxd5 exd5 9. e3 Re8 10. Nf3 c6 11. Bd3 Nf8 12. O-O h6 13. Bh4 Bg4 14. Qc2 Qd6
15. Ne5 Bh5 16. Bg3 Qe7 17. f3 N6d7 18. Rae1 Nxe5 19. Bxe5 Nd7 20. Bg3 Nf8 21.
e4 Ne6 22. Bf2 1/2-1/2